00333nam a2200145Ia 4500008004100000084001200041100002200053245001900075250002000094260000900114260000900123260001100132300000900143500003500152180424s9999 xx 000 0 und d aT10 K93 a"Kasho Kavich, E" 0aNeela Kuripedu a\\196400TAMGPSX aNCBH b1964 cMadras a202p aincludes index and biblioraphy